00743 2200241 4500001002100000005001700021008004100038035002400079040001200103082001700115084002100132090002500153245009800178260007900276300003100355650001200386700001900398700001800417850001200435990001800447990001800465990001800483INLIS00000000002161320160802120926.0  0010-071600000000404 aYOPDYOG a398.20959816 a398.20959816 Cer aBTR 398.20959816 Cer aCerita Rakyat Sumatera Selatan . Legenda - Mitosc/ penyunting, Djohan Hanifah, M. Alimansyur aPalembangbDinas Kebudayaan dan Pariwisata Provinsi Sulawesi Selatanc2008 a100 hlm.b: ilus.c; 19 cm aFolklor aDjohan Hanifah aM. Alimansyur aYOPDYOG a52597-PD/A.16 a52598-PD/A.16 a52598-PD/A.16